Tail of the whale (The) / (Record no. 106172)
[ view plain ]
| 000 -LEADER | |
|---|---|
| fixed length control field | 00478nam a2200169 a 4500 |
| 005 - DATE AND TIME OF LATEST TRANSACTION | |
| control field | 20160405143349.0 |
| 008 - FIXED-LENGTH DATA ELEMENTS--GENERAL INFORMATION | |
| fixed length control field | 080201s19uu xx 00 eng d |
| 020 ## - INTERNATIONAL STANDARD BOOK NUMBER | |
| International Standard Book Number | 978-184539-519-3 |
| 050 ## - LIBRARY OF CONGRESS CALL NUMBER | |
| Classification number | ER |
| Item number | Ta11 |
| 100 ## - MAIN ENTRY--PERSONAL NAME | |
| Personal name | Patterson, Ellie |
| 245 ## - TITLE STATEMENT | |
| Title | Tail of the whale (The) / |
| Statement of responsibility, etc | Ellie Patterson ; illustrated by Christine Pym |
| 260 ## - PUBLICATION, DISTRIBUTION, ETC. (IMPRINT) | |
| Place of publication, distribution, etc | s.l. : |
| Name of publisher, distributor, etc | Little Bee, |
| Date of publication, distribution, etc | 2008. |
| 440 ## - SERIES STATEMENT/ADDED ENTRY--TITLE | |
| Title | Tail of the whale (The) |
| 651 ## - SUBJECT ADDED ENTRY--GEOGRAPHIC NAME | |
| General subdivision | Whale-fiction. |
| 942 ## - ADDED ENTRY ELEMENTS (KOHA) | |
| Source of classification or shelving scheme | Dewey Decimal Classification |
| Withdrawn status | Lost status | Source of classification or shelving scheme | Damaged status | Home library | Current library | Shelving location | Date acquired | Source of acquisition | Total Checkouts | Full call number | Barcode | Date last seen | Price effective from | Koha item type |
|---|---|---|---|---|---|---|---|---|---|---|---|---|---|---|
| Dewey Decimal Classification | Elizalde Library | Elizalde Library | Easy Reading Section | 02/01/2008 | Donation | ER Ta11 2008 | E11372 | 04/12/2014 | 04/12/2014 | Books |